|
|
|
|
| LEADER |
00000nam a2200000 a 4500 |
| 005 |
20111115150222.0 |
| 007 |
cr|||| |||| |
| 008 |
100228s2011 sp b 001 0 spa c |
| 017 |
|
|
|a DL M. 6360-2011
|
| 020 |
|
|
|a 9788499821054
|
| 035 |
|
|
|a 5886
|
| 040 |
|
|
|a vLex
|
| 080 |
|
|
|a 342
|
| 090 |
|
|
|c 2771
|d 2771
|
| 100 |
1 |
|
|a Scarciglia, Roberto
|
| 245 |
1 |
0 |
|a Introduccin̤ al derecho constitucional comparado
|h [Recurso electrn̤ico] /
|c Roberto Scarciglia
|
| 256 |
|
|
|a Servicio en ln̕ea
|
| 260 |
|
|
|a Madrid :
|b Dykinson,
|c DL. 2011
|
| 300 |
|
|
|a 1 recurso electrn̤ico
|
| 504 |
|
|
|a Bibliografa̕: p. [207]-225. Índice
|
| 506 |
1 |
|
|a Contenido solo disponible en los productos indicados
|d vLex Global
|d vLex Global (Academic Edition, excluding Law Schools)
|d vLex Global (U.S. Academic Edition, Law Schools)
|d vLex Global (U.S. Academic Edition, excluding Law Schools)
|d vLex Global (Academic Edition, Law Schools)
|
| 650 |
0 |
4 |
|a Derecho comparado
|
| 650 |
0 |
4 |
|a Derecho constitucional
|
| 650 |
0 |
4 |
|a Historia constitucional
|
| 650 |
0 |
4 |
|a Derecho comparado
|
| 740 |
0 |
|
|a vLex Libros (Servicio en ln̕ea)
|
| 830 |
|
0 |
|a Dykinson-constitucional
|
| 856 |
4 |
0 |
|u http://vlex.com/source/introduccion-derecho-constitucional-comparado-5886
|z Acceso restringido
|
| 942 |
|
|
|c BOOK
|